| 000 | 00627nam a2200217 a 4500 | ||
|---|---|---|---|
| 001 | 40356 | ||
| 003 | BD-RjUL | ||
| 005 | 20211209053210.0 | ||
| 008 | 160430s2016 bg ||||| |||| 00| 0 eng d | ||
| 020 |
_a9789849011460 _c: Tk.350.00 |
||
| 035 | _a(BD-RjUL)40471 | ||
| 040 |
_aBD-RjUL _beng _cBD-RjUL |
||
| 041 | _aeng | ||
| 082 |
_223 _a338.95492 _bCHB 2016 |
||
| 100 |
_aChowdhury, Jafar Ahmed _9124326 |
||
| 245 | 1 | 0 |
_aBangladesh progress and challenges / _cJafar Ahmed Chawdhury |
| 260 |
_aDhaka : _bGyan Bitarony, _c2016. |
||
| 300 |
_a[5] 235 [2] p. ; _c21 Cm. |
||
| 650 |
_aEconomic Development _9124333 |
||
| 942 |
_2ddc _cBK |
||
| 999 |
_c40356 _d40356 |
||